000 00705nam a2200217Ii 4500
003 JO-AjNU
008 230605s9999||||xx |||||||||||||| ||und||
017 _a2014/4/1496
040 _aJO-AjNU
_bara
_erda
_cJO-AjNU
041 _aara
050 1 4 _aDS154.52 2014
100 3 _aالشناق، عبد المجيد,
_eauthor
_950106
245 0 0 _aذاكرة وطن عبد الكريم غرايبة: مؤرخا عربيا
250 _aط1
264 3 1 _aعمان: المؤلف، 2014
300 _a316ص
336 _atext
_btxt
_2rdacontent
337 _aunmediated
_bn
_2rdamedia
338 _avolume
_bnc
_2rdacarrier
650 4 _aالادباء العرب- تاريخ الاردن- تراجم
_950107
999 _aA22050
_c25618
_d25618